Music Quiz

Random Music or Album Quiz

King Crimson studio albums Quiz Stats

 Plays Quiz not verified by Sporcle

Challenge
Share
Tweet
Embed
Score 0/13 Timer 03:00
0 Plays Today
Year Album % Correct
1969In the Court of the Crimson King
100%
1974Red
94.3%
1970Lizard
89.8%
1970In the Wake of Poseidon
86.4%
1974Starless and Bible Black
86.4%
1971Islands
83%
1981Discipline
81.8%
1973Larks' Tongues in Aspic
77.3%
1982Beat
75%
1984Three of a Perfect Pair
73.9%
1995THRAK
71.6%
2000The ConstruKction of Light
55.7%
2003The Power to Believe
51.1%

You're not logged in!

Compare scores with friends on all Sporcle quizzes.
Join for Free
OR
Log In

You Might Also Like...

Show Comments

Extras

Top Quizzes Today


Score Distribution

Your Account Isn't Verified!

In order to create a playlist on Sporcle, you need to verify the email address you used during registration. Go to your Sporcle Settings to finish the process.

Report this User

Report this user for behavior that violates our Community Guidelines.

Details: